000 00734nam a22002657a 4500
003 UA-OsUOA
001 28859
007 ta
008 20050511b un ||||| |||| 00| 0 ukr d
100 _aСмирнова С. А.
090 _a343.9
_bС50
942 _cBK
040 _aUA-OsUOA
_brus
_cUA-OsUOA
_dUA-OsUOA
245 _aСудебная экспертиза на рубеже XXI века. Состояние, развитие, проблемы
300 _a875 с.
_bІлюстрації
955 _a0
041 _arus
080 _a343.9
020 _a5-318-00599-3
260 _aСПб.
_bПИТЕР
_c2004
044 _aRU
250 _n2-е изд., испр. и доп.
650 7 _2UDC
999 _c315232
_d315232